000 00396nam a2200133Ia 4500
008 151001s9999||||xx |||||||||||||| ||und||
100 _aके वि बेलसरे
245 _aश्री गोंदवलेकर महाराज
250 _a1
260 _bबुकसेलर्स आणि पब्लिशर्स&
260 _c1975
300 _a456
365 _b25
999 _c959683
_d959680